000 00756nas a2200241 4500
001 BR9803279
003 BR-BrBNA
005 20231205100816.0
007 ta
008 230509b bl.|||p| |||| 00| 00por d
040 _aBR-BrBNA
_bpor
_cBiblioteca Nacional de Agricultura
041 _a(Pt)
072 _aF30
100 1 _aPompeu, A.S.
245 1 _aIAC-Maravilha, IAC-UNA, IAC-Carioca Pyata, IAC-Carioca Arua, IAC-Carioca-Akyta e IAC-Bico de Ouro: novos cultivares de feijoeiro
650 _aFeijao
650 _aVariedade
650 _aPatogeno
650 _aVariedade Resistente
773 0 _tBragantia (Brazil)
_xISSN 0006-8705
_g(1997), v. 56(tomo 1) p. 79-85
_wBR9803279
909 _a202311
_bLúcia
_c55
_dLúcia Elande
942 _2AGRIS
_n0
_cANA
999 _c158213
_d158213